Normal view MARC view
  • Sinha, Pradeep K and Sinha, Priti

Entry Personal Name

Number of records used in: 5

001 - CONTROL NUMBER

  • control field: 4030

003 - CONTROL NUMBER IDENTIFIER

  • control field: OSt

005 - DATE AND TIME OF LATEST TRANSACTION

  • control field: 20180131162748.0

008 - FIXED-LENGTH DATA ELEMENTS

  • fixed length control field: 180131|| aca||aabn | a|a d

040 ## - CATALOGING SOURCE

  • Original cataloging agency: OSt
  • Transcribing agency: OSt

100 ## - HEADING--PERSONAL NAME

  • Personal name: Sinha, Pradeep K and Sinha, Priti

670 ## - SOURCE DATA FOUND

  • Source citation: Work cat.: (OSt)3113: Sinha, Pradeep K and Sinha, Priti, Computer Fundamentals, 2007